000 00937cam a22002531 4500
001 gs 56000040
003 DLC
005 20260227111403.0
008 780830s1955 wiuab s000 0 eng c
010 _ags 56000040
035 _a(OCoLC)4179446
040 _aU. S. Geol. Survey. Library
_cAzU
_dDLC
042 _apremarc
050 0 0 _aQE179
_b.A2 no. 79
100 1 _aHole, Francis Doan,
_d1913-
245 0 0 _aIntroduction to the soils of Wisconsin,
_cby Francis D. Hole and Gerhard B. Lee.
260 _aMadison,
_c1955.
300 _a48 p.
_billus., maps, diagrs., tables.
_c23 cm.
490 1 _aWisconsin. Geological and Natural History Survey. Bulletin,
_vno. 79.
_aEducational series,
_vno. 10
500 _aCaption title.
500 _aIn cooperation with the Soils Dept., Wisconsin College of Agriculture.
650 0 _aSoils
_zWisconsin.
810 2 _aWisconsin Geological and Natural History Survey.
_tBulletin ;
_vno. 79.
999 _c29020
_d29020